Kadra reprezentacji Chorwacji - MŚ 2002 - Statystyki

Ogólne statystyki
  • Ten quiz został rozwiązany 11 razy
  • Średni wynik to 6 z 24
Statystyki odpowiedzi
Nr Zawodnik Poz % Poprawnych
1 Stipe Pletikosa BR
89%
18 Ivica Olić NA
78%
10 Niko Kovač PO
78%
21 Robert Kovač OB
78%
9 Davor Šuker NA
67%
3 Josip Šimunić OB
44%
8 Robert Prosinečki PO
44%
11 Alen Bokšić NA
22%
22 Boško Balaban NA
22%
20 Dario Šimić OB
22%
19 Goran Vlaović NA
22%
17 Robert Jarni OB
22%
12 Tomislav Butina BR
22%
13 Mario Stanić PO
11%
5 Milan Rapaić PO
11%
14 Zvonimir Soldo PO
11%
2 Anthony Šerić OB
0%
6 Boris Živković OB
0%
15 Daniel Šarić OB
0%
7 Davor Vugrinec PO
0%
16 Jurica Vranješ PO
0%
# Mirko Jozić Trener
0%
4 Stjepan Tomas PO
0%
23 Vladimir Vasilj BR
0%
Nie znaleziono quizów pasujących do podanych kryteriów
Rozkład punktacji
Procent ludzi z każdym wynikiem
Percentyl według liczby udzielonych odpowiedzi
Twoja historia wyników
Nie rozwiązałeś tego quizu